[Event "4NCL/Div3/NKN1 vs. PPA2"]
[Site "Telford ENG"]
[Date "2003.03.09"]
[Round "6.5"]
[White "Burenkov, Slava"]
[Black "Winfridsson, Ola"]
[Result "0-1"]
[WhiteElo "1972"]
[BlackElo "2038"]
[PlyCount "96"]
[EventDate "2003.03.09"]

1. b3 d5 2. Nf3 Nf6 3. Bb2 g6 4. e3 Bg7 5. c4 O-O 6. d4 c6 7. Bd3 Ne4 8. Qc2 f5
9. O-O Nd7 10. Ne5 Nxe5 11. dxe5 Be6 12. Rd1 Rc8 13. a3 Qc7 14. f4 Qb6 15. Bd4
c5 16. Bb2 Rfd8 17. Bxe4 fxe4 18. Nd2 dxc4 19. Nxc4 Qc6 20. Rxd8+ Rxd8 21. Rd1
Rxd1+ 22. Qxd1 Qd5 23. Qxd5 Bxd5 24. a4 b6 25. Kf2 Kf7 26. g4 a6 27. Nxb6 Bxb3
28. Ba3 c4 29. Ke2 e6 30. a5 c3 31. Bb4 c2 32. Kd2 g5 33. Nd7 gxf4 34. exf4 Kg6
35. Ba3 Bh6 36. g5 Bg7 37. Ke3 Kf5 38. Bc1 Bc4 39. Ba3 Bb5 40. Nb6 Bf8 41. Bc1
Bc5+ 42. Kd2 Bd3 43. Kc3 Bg1 44. Nc8 Bxh2 45. Ne7+ Kg4 46. g6 hxg6 47. Nxg6 Bg3
48. Kd2 Kh5 0-1

[Event "4NCL/Div3/NKN1 vs. PPA2"]
[Site "Telford ENG"]
[Date "2003.03.09"]
[Round "6.6"]
[White "Quintana, Marcos I"]
[Black "Davis, Lee"]
[Result "0-1"]
[WhiteElo "1864"]
[BlackElo "2002"]
[PlyCount "139"]
[EventDate "2003.03.09"]

1. e4 d6 2. d4 Nf6 3. f3 g6 4. c4 Bg7 5. Nc3 O-O 6. Be3 Nc6 7. Nge2 a6 8. Qd2
Bd7 9. g4 e5 10. d5 Ne7 11. h4 h5 12. gxh5 Nxh5 13. Rg1 Kh7 14. Ng3 Nxg3 15.
Rxg3 Ng8 16. Qh2 Bh6 17. Nd1 Bxe3 18. Nxe3 Nh6 19. h5 g5 20. Bh3 f6 21. O-O-O
Qe7 22. Rdg1 Rg8 23. Bf5+ Bxf5 24. exf5 b5 25. Qc2 Kh8 26. cxb5 axb5 27. Kb1
Ra6 28. Rc1 Rc8 29. Qb3 Qd7 30. Qd3 Rca8 31. a3 b4 32. axb4 Ra1+ 33. Kc2 Qa4+
34. Kd2 Rxc1 35. Kxc1 Qxb4 36. Rg2 Ra5 37. Nc2 Qf4+ 38. Kb1 Qxf5 39. Qxf5 Nxf5
40. Rd2 Kh7 41. b3 Kh6 42. Kb2 Kxh5 43. b4 Rb5 44. Kb3 Ne7 45. Ne3 f5 46. Ka4
Rb7 47. Nc4 Nc8 48. Na5 Ra7 49. Kb5 Nb6 50. Rh2+ Kg6 51. Kc6 e4 52. fxe4 fxe4
53. Nb7 Nxd5 54. Kxd5 Rxb7 55. Rb2 e3 56. Kc6 e2 57. Rxe2 Rxb4 58. Kxc7 d5 59.
Kd6 Re4 60. Rd2 d4 61. Kd5 Re8 62. Kc4 Rd8 63. Kd3 Kf5 64. Rf2+ Kg4 65. Rf7 Kg3
66. Rf5 g4 67. Rg5 Kf3 68. Rf5+ Kg2 69. Rg5 g3 70. Rg7 0-1

[Event "4NCL/Div3/NKN1 vs. PPA2"]
[Site "Telford ENG"]
[Date "2003.03.09"]
[Round "6.7"]
[White "Smith, Olivia"]
[Black "Retallick, Lloyd"]
[Result "0-1"]
[WhiteElo "1916"]
[BlackElo "1856"]
[PlyCount "100"]
[EventDate "2003.03.09"]

1. e4 c6 2. d4 d5 3. exd5 cxd5 4. Nf3 Nf6 5. Be2 Bf5 6. Nbd2 e6 7. c3 Bd6 8.
Ne5 h6 9. O-O Nbd7 10. Bb5 a6 11. Nxd7 Nxd7 12. Be2 Qc7 13. Nf3 O-O 14. Be3
Rfc8 15. a4 Nb6 16. Ne5 f6 17. Nf3 Nc4 18. Bxc4 Qxc4 19. Nh4 Qc7 20. Nxf5 exf5
21. h3 f4 22. Bc1 g5 23. Qg4 Re8 24. Qf5 Qf7 25. h4 Kg7 26. Bd2 Re2 27. Rad1
Rae8 28. Bc1 Qe6 29. Qxe6 R8xe6 30. hxg5 fxg5 31. f3 b5 32. axb5 axb5 33. Rf2
b4 34. Kf1 Rxf2+ 35. Kxf2 bxc3 36. bxc3 Bc7 37. Bd2 Kf6 38. Re1 Rxe1 39. Kxe1
h5 40. Kf2 Kf5 41. Ke2 g4 42. Kf2 Ke6 43. Ke2 Kd7 44. Be1 g3 45. Kd3 h4 46. c4
Ba5 47. Bxa5 h3 48. gxh3 g2 49. cxd5 g1=Q 50. Ke4 Qe3+ 0-1

[Event "4NCL/Div3/NKN1 vs. PPA2"]
[Site "Telford ENG"]
[Date "2003.03.09"]
[Round "6.8"]
[White "Smith, Robyn"]
[Black "St. Clair, Allan"]
[Result "1-0"]
[WhiteElo "1448"]
[BlackElo "1854"]
[PlyCount "93"]
[EventDate "2003.03.09"]

1. e4 d5 2. exd5 Qxd5 3. Nf3 Bf5 4. Be2 e6 5. O-O Nf6 6. c4 Qa5 7. d4 c6 8. Nc3
Bd6 9. Be3 Ng4 10. h3 Nxe3 11. fxe3 Nd7 12. a3 O-O 13. e4 Bg6 14. Bd3 e5 15. d5
Qb6+ 16. Kh1 Nc5 17. b4 Nxd3 18. Qxd3 Qa6 19. Rfd1 Rad8 20. c5 Qxd3 21. Rxd3
cxd5 22. Rxd5 Bc7 23. Rad1 f6 24. Nh4 Rxd5 25. exd5 Be8 26. d6 Bd8 27. Nf5 Bd7
28. Ne3 f5 29. Nc4 e4 30. Ne5 Be6 31. Nb5 Bf6 32. Nc7 Bb3 33. Rb1 Ba4 34. Nc4
Bc2 35. Rc1 Bd3 36. Na5 Bb2 37. Rd1 b6 38. Nc6 f4 39. d7 Bf6 40. Ne6 Rf7 41.
d8=Q+ Bxd8 42. Nexd8 Rd7 43. Ne6 bxc5 44. Nxc5 Rc7 45. Ne5 f3 46. gxf3 a5 47.
fxe4 1-0

[Event "4NCL/Div3/WRO2 vs. WES2"]
[Site "Telford ENG"]
[Date "2003.03.09"]
[Round "6.1"]
[White "van Kemenade, Rudy"]
[Black "Tunks, Dominic"]
[Result "0-1"]
[WhiteElo "2140"]
[BlackElo "2096"]
[PlyCount "54"]
[EventDate "2003.03.09"]

1. e4 c6 2. d4 d5 3. e5 Bf5 4. Nc3 e6 5. g4 Bg6 6. Nge2 c5 7. h4 f6 8. Nf4 Qd7
9. exf6 Nxf6 10. Nxg6 hxg6 11. Be3 Nc6 12. g5 Ng8 13. Qd3 cxd4 14. Bxd4 Nge7
15. Bc5 Nf5 16. Bxf8 Ne5 17. Qd1 Kxf8 18. f4 Nc6 19. Qg4 Ne3 20. Qe2 Nd4 21.
Qd3 Qc7 22. Rh3 Ndxc2+ 23. Kf2 d4 24. Nb5 Qb6 25. Rc1 Rd8 26. Rxc2 Nxc2 27.
Qxc2 d3+ 0-1

[Event "4NCL/Div3/WRO2 vs. WES2"]
[Site "Telford ENG"]
[Date "2003.03.09"]
[Round "6.2"]
[White "Clark, Ian C"]
[Black "Taylor, Robert K"]
[Result "1-0"]
[WhiteElo "2119"]
[BlackElo "2211"]
[PlyCount "69"]
[EventDate "2003.03.09"]

1. e4 e5 2. f4 Bc5 3. Nf3 d6 4. c3 Nf6 5. d4 exd4 6. cxd4 Bb6 7. Nc3 O-O 8. e5
Re8 9. Be2 Nfd7 10. b4 c6 11. Ne4 d5 12. Nd6 Re6 13. Nxf7 Qf8 14. N3g5 Qxb4+
15. Bd2 Qxd4 16. Qb1 Nf8 17. Bd3 Rh6 18. Rf1 Rh5 19. Be2 Rxg5 20. Nxg5 Nbd7 21.
Bd3 Nxe5 22. Bxh7+ Kh8 23. fxe5 Qxe5+ 24. Kd1 Be6 25. Bf5 Bg8 26. Rf3 g6 27.
Rh3+ Kg7 28. Bd3 d4 29. Nf3 Qc7 30. Bh6+ Kf6 31. Bxf8 Rxf8 32. Qc1 Qg7 33. Qg5+
Kf7 34. Ne5+ Ke8 35. Bxg6+ 1-0

[Event "4NCL/Div3/WRO2 vs. WES2"]
[Site "Telford ENG"]
[Date "2003.03.09"]
[Round "6.3"]
[White "White, Mark W"]
[Black "Rutter, Nicholas"]
[Result "0-1"]
[WhiteElo "2104"]
[BlackElo "2120"]
[PlyCount "72"]
[EventDate "2003.03.09"]

1. e4 c5 2. Nf3 Nc6 3. d4 cxd4 4. Nxd4 Nf6 5. Nc3 e5 6. Ndb5 d6 7. Bg5 a6 8.
Na3 b5 9. Nd5 Be7 10. Bxf6 Bxf6 11. c3 Ne7 12. Nxe7 Bxe7 13. Nc2 O-O 14. Nb4
Bb7 15. Qg4 a5 16. Nd5 Bxd5 17. exd5 f5 18. Qg3 Qb6 19. Be2 Bf6 20. O-O e4 21.
Kh1 b4 22. Rab1 Be5 23. f4 Bf6 24. cxb4 Qxb4 25. a3 Qd2 26. Bc4 Bxb2 27. Rfd1
Qc3 28. Qxc3 Bxc3 29. Rb6 Rfd8 30. Rdb1 Bd4 31. Rb7 Rac8 32. Bb5 Rc2 33. Rd1
Bc5 34. a4 e3 35. Re7 Kf8 36. Re6 Rd2 0-1

[Event "4NCL/Div3/WRO2 vs. WES2"]
[Site "Telford ENG"]
[Date "2003.03.09"]
[Round "6.4"]
[White "Pye, David E"]
[Black "Keeling, Geoff"]
[Result "1/2-1/2"]
[WhiteElo "2080"]
[BlackElo "2013"]
[PlyCount "69"]
[EventDate "2003.03.09"]

1. d4 d5 2. Nc3 Bf5 3. f3 Bg6 4. e4 e6 5. Be3 Bb4 6. exd5 exd5 7. Bd3 Nf6 8.
Nge2 O-O 9. Bxg6 hxg6 10. O-O Re8 11. Bg5 c6 12. Qd3 Nbd7 13. Rae1 Qc7 14. Bf4
Bd6 15. Qd2 Re7 16. Bxd6 Qxd6 17. Nf4 Rae8 18. Rxe7 Rxe7 19. Nd3 b6 20. Qf4
Qxf4 21. Nxf4 g5 22. Nd3 Ne8 23. Kf2 f6 24. Nd1 Nd6 {=} 25. g4 Kf7 26. a4 Re8
27. Ne3 Rh8 28. Kg2 Re8 29. Re1 g6 30. b3 Nf8 31. c3 Ne6 32. Kg3 Rh8 33. Ng2
Rc8 34. Ne3 Rh8 35. Ng2 1/2-1/2

[Event "4NCL/Div3/WRO2 vs. WES2"]
[Site "Telford ENG"]
[Date "2003.03.09"]
[Round "6.6"]
[White "Pleasants, Allan J"]
[Black "Lim, Chin-Lee"]
[Result "1-0"]
[WhiteElo "2000"]
[BlackElo "2060"]
[PlyCount "113"]
[EventDate "2003.03.09"]

1. c4 Nf6 2. Nc3 g6 3. g3 Bg7 4. Bg2 O-O 5. d3 c5 6. e3 Nc6 7. Nge2 Rb8 8. O-O
a6 9. d4 cxd4 10. exd4 Na5 11. b3 d6 12. Bb2 b5 13. c5 Qc7 14. cxd6 Qxd6 15.
Qd2 Qb6 16. Rfe1 Bb7 17. Nf4 Bxg2 18. Kxg2 e6 19. Rad1 Rfd8 20. f3 e5 21. Rxe5
Nc6 22. Ncd5 Nxd5 23. Rxd5 Re8 24. Rd7 Ne7 25. Re1 Nf5 26. Nd5 Qc6 27. Ne7+
Nxe7 28. Rexe7 Rxe7 29. Rxe7 Rd8 30. Qf4 Bf6 31. Rc7 Qd6 32. Qxd6 Rxd6 33. Ra7
Rc6 34. Ba3 Rc2+ 35. Kh3 Bxd4 36. Rxa6 h5 37. Bd6 Bg1 38. g4 Rf2 39. Bg3 Rd2
40. b4 g5 41. gxh5 Kh7 42. Kg4 Rd5 43. Rf6 Kg7 44. Rf5 Rxf5 45. Kxf5 f6 46. h6+
Kxh6 47. Kxf6 Be3 48. Ke6 Bd2 49. Bd6 Kh5 50. Kd5 Kh4 51. Kc5 Kh3 52. Kxb5 Kg2
53. a4 Kxf3 54. a5 g4 55. a6 Be3 56. Bc5 Bf4 57. a7 1-0

[Event "4NCL/Div3/WRO2 vs. WES2"]
[Site "Telford ENG"]
[Date "2003.03.09"]
[Round "6.7"]
[White "Cumbers, Paul"]
[Black "Keddie, Dave A"]
[Result "1-0"]
[WhiteElo "2040"]
[BlackElo "2000"]
[PlyCount "89"]
[EventDate "2003.03.09"]

1. c4 c5 2. g3 g6 3. Bg2 Bg7 4. Nc3 Nc6 5. a3 Nf6 6. e4 d6 7. Nge2 O-O 8. O-O
Bd7 9. h3 Ne8 10. d3 Nd4 11. Nxd4 Bxd4 12. Bh6 Bg7 13. Qd2 Nc7 14. Bxg7 Kxg7
15. d4 Ne6 16. Ne2 cxd4 17. Nxd4 Qb6 18. Rfd1 Rac8 19. e5 Rxc4 20. Nxe6+ Bxe6
21. exd6 exd6 {=} 22. Qxd6 Qxd6 23. Rxd6 Rc2 24. b4 b6 25. b5 Rfc8 26. Rc6
R2xc6 27. bxc6 Kf6 28. Rc1 Ke7 29. Kf1 Kd6 30. Ke2 Kc7 31. Rd1 Re8 32. Kf1 Rd8
33. Rxd8 Kxd8 34. Ke2 Bc4+ 35. Ke3 Kc7 36. Kd4 Bb5 37. Bd5 f6 38. Bg8 h6 39.
Kd5 Ba4 40. Bh7 Bc2 41. Ke6 Bf5+ 42. Kxf6 Bxh3 43. Kxg6 Kxc6 44. f4 Kd6 45. f5
1-0

[Event "4NCL/Div3/WRO2 vs. WES2"]
[Site "Telford ENG"]
[Date "2003.03.09"]
[Round "6.8"]
[White "Norman, Dinah"]
[Black "Richards, Susan"]
[Result "1/2-1/2"]
[WhiteElo "2021"]
[BlackElo "1328"]
[PlyCount "104"]
[EventDate "2003.03.09"]

1. d4 Nf6 2. Nf3 g6 3. Bg5 Bg7 4. Nbd2 O-O 5. e4 d6 6. Bd3 c5 7. c3 Nbd7 8. O-O
b6 9. Re1 Bb7 10. a4 Qc7 11. a5 bxa5 12. Qa4 Nb6 13. Qxa5 Rfe8 14. h3 e6 15.
dxc5 dxc5 16. Be3 Red8 17. Bc2 Nfd7 18. Qb5 Bc6 19. Qa5 Bb7 20. Ba4 Qc8 21. Bb5
Ne5 22. Nxe5 Bxe5 23. Ba6 Rd7 24. Bxb7 Qxb7 25. Qxc5 Bd6 26. Qb5 Bc7 27. Qe2
Rad8 28. f3 Bg3 29. Red1 Qc7 30. Nf1 Bf4 31. Rxd7 Rxd7 32. Bxf4 Qxf4 33. Rd1
Rb7 34. b4 Qc7 35. Qd3 Na4 36. Qd8+ Kg7 37. Qe8 Nxc3 38. Rd8 Ne2+ 39. Kf2 Nf4
40. Qh8+ Kh6 41. Qf8+ Kg5 42. h4+ Kxh4 43. g3+ Kg5 44. gxf4+ Qxf4 45. Qc5+ Kh6
46. Ng3 Qh4 47. Qf8+ Kg5 48. Kg2 Rc7 49. Rd2 Qf4 50. Qd8+ Kh6 51. Qf8+ Kg5 52.
Qd8+ Kh6 1/2-1/2

[Event "4NCL/Div3/BRI2 vs. MIN"]
[Site "Telford ENG"]
[Date "2003.03.09"]
[Round "6.1"]
[White "Buckley, David E"]
[Black "Radovanovich, Jovica"]
[Result "1-0"]
[WhiteElo "2198"]
[BlackElo "2280"]
[PlyCount "67"]
[EventDate "2003.03.09"]

1. e4 c5 2. Nc3 Nc6 3. Bb5 Nd4 4. Bc4 e6 5. Nf3 Qc7 6. d3 a6 7. Nxd4 cxd4 8.
Ne2 Bc5 9. O-O Ne7 10. Bb3 O-O 11. c3 dxc3 12. bxc3 b5 13. d4 Bb6 14. Qd3 d6
15. Kh1 Bb7 16. f4 Qc6 17. Ng3 Kh8 18. Bd2 Rae8 19. Rac1 Ng8 20. f5 e5 21. Nh5
Bd8 22. Qg3 g6 23. dxe5 dxe5 24. Bd5 Qc7 25. fxg6 fxg6 26. Rxf8 Rxf8 27. Bxb7
Qxb7 28. Qxe5+ Bf6 29. Nxf6 Nxf6 30. Bg5 Qg7 31. Rf1 Nd7 32. Rxf8+ Nxf8 33. Bf6
Nd7 34. Bxg7+ 1-0

[Event "4NCL/Div3/BRI2 vs. MIN"]
[Site "Telford ENG"]
[Date "2003.03.09"]
[Round "6.2"]
[White "Stirling, William J"]
[Black "Rudd, Jack"]
[Result "1/2-1/2"]
[WhiteElo "2174"]
[BlackElo "2171"]
[PlyCount "88"]
[EventDate "2003.03.09"]

1. Nf3 Nf6 2. c4 e6 3. Nc3 d5 4. d4 c6 5. Bg5 dxc4 6. e4 b5 7. e5 h6 8. Bh4 g5
9. Nxg5 hxg5 10. Bxg5 Nbd7 11. g3 Qb6 12. exf6 Bb7 13. Bg2 O-O-O 14. O-O Bh6
15. Be3 Rdg8 16. Ne4 Qc7 17. Qd2 Bxe3 18. fxe3 Kb8 19. b3 c5 20. bxc4 Nb6 21.
Nxc5 Rxh2 22. Rf4 Nxc4 23. Qf2 Rxg2+ 24. Qxg2 Bxg2 25. Na6+ Kb7 26. Nxc7 Bc6
27. Nxb5 {=} Bxb5 28. Kf2 Kc6 29. Rh1 Nd6 30. e4 Bd3 31. Kf3 Rb8 32. Ke3 Bb1
33. Rc1+ Kd7 34. e5 Nf5+ 35. Kd2 Bxa2 36. g4 Nh4 37. Rh1 Ng2 38. Rff1 Rb2+ 39.
Kd3 Rb3+ 40. Kd2 Rb7 41. Rc1 Bd5 42. Rh7 Rb2+ 43. Kc3 Rb3+ 44. Kd2 Rb2+ 1/2-1/2

[Event "4NCL/Div3/BRI2 vs. MIN"]
[Site "Telford ENG"]
[Date "2003.03.09"]
[Round "6.3"]
[White "Dilleigh, Stephen P"]
[Black "Muter, Donny"]
[Result "1-0"]
[WhiteElo "2158"]
[BlackElo "2085"]
[PlyCount "78"]
[EventDate "2003.03.09"]

1. d4 d5 2. c4 dxc4 3. e3 Nf6 4. Bxc4 e6 5. Nf3 c5 6. O-O a6 7. a4 Nc6 8. Qe2
cxd4 9. Rd1 Be7 10. exd4 Nb4 11. Nc3 h6 12. Ne5 O-O 13. Qf3 Nbd5 14. Nxd5 exd5
15. Bd3 Be6 16. Bd2 Qb6 17. Bc3 Bb4 18. Bxb4 Qxb4 19. Qe2 Rac8 20. Qd2 Qxd2 21.
Rxd2 Rc7 22. f3 Rfc8 23. Rdd1 Ne8 24. Kf2 Nd6 25. g4 g5 26. h4 f6 27. Ng6 Bf7
28. Re1 Kg7 29. h5 Re8 30. Rac1 {=} Rxc1 31. Rxc1 Nc4 32. b3 Na5 33. Rc7 Nxb3
34. Rxb7 Nxd4 35. Bxa6 Ne6 36. Bb5 Rc8 37. Ne7 Rc2+ 38. Kf1 Nc5 39. Nf5+ Kf8
1-0

[Event "4NCL/Div3/BRI2 vs. MIN"]
[Site "Telford ENG"]
[Date "2003.03.09"]
[Round "6.4"]
[White "Hardman, Michael J"]
[Black "Curtis, John"]
[Result "1/2-1/2"]
[WhiteElo "2135"]
[BlackElo "2143"]
[PlyCount "66"]
[EventDate "2003.03.09"]

1. e4 d6 2. d4 Nf6 3. Nc3 e5 4. dxe5 dxe5 5. Qxd8+ Kxd8 6. Bg5 Be6 7. Nf3 Nbd7
8. Nd5 c6 9. Nxf6 gxf6 10. Be3 Kc7 11. Nd2 f5 12. exf5 Bxf5 13. Bc4 f6 14. Bb3
Nc5 15. Bxc5 Bxc5 16. O-O-O Rad8 17. Rhf1 Rhe8 18. Bf7 Re7 19. Nb3 Rxd1+ 20.
Kxd1 Ba3 21. bxa3 Rxf7 22. Kd2 Kd6 23. Kc3 b6 24. Rd1+ Kc7 25. f3 Rd7 26. Re1
Rd5 27. g4 Bg6 28. h4 Kd7 29. Rg1 Ke7 30. Re1 Kd6 31. Rg1 Ke7 32. Re1 Kd7 33.
Rg1 Ke7 1/2-1/2

[Event "4NCL/Div3/BRI2 vs. MIN"]
[Site "Telford ENG"]
[Date "2003.03.09"]
[Round "6.5"]
[White "Easton, Alex"]
[Black "Hawkins, J Nick"]
[Result "1/2-1/2"]
[WhiteElo "2123"]
[BlackElo "2067"]
[PlyCount "42"]
[EventDate "2003.03.09"]

1. Nf3 c5 2. c4 Nc6 3. d4 cxd4 4. Nxd4 g6 5. e4 Bg7 6. Be3 Nf6 7. Nc3 d6 8. Be2
O-O 9. O-O Bd7 10. Qd2 Ng4 11. Bxg4 Bxg4 12. Rac1 Re8 13. Kh1 Ne5 14. Nd5 Rc8
15. b3 Bd7 16. f3 b6 17. Rfd1 Nc6 18. Nb5 Rb8 19. f4 Rb7 20. Nd4 Qc8 21. Nxc6
Qxc6 1/2-1/2

[Event "4NCL/Div3/BRI2 vs. MIN"]
[Site "Telford ENG"]
[Date "2003.03.09"]
[Round "6.6"]
[White "Twitchell, Neville H"]
[Black "Ponter, Ian"]
[Result "1/2-1/2"]
[WhiteElo "2020"]
[BlackElo "2103"]
[PlyCount "49"]
[EventDate "2003.03.09"]

1. e4 e5 2. Nf3 Nc6 3. Bb5 a6 4. Bxc6 dxc6 5. O-O Ne7 6. Nxe5 Qd4 7. Qh5 g6 8.
Qg5 Bg7 9. Nf3 Qxe4 10. Re1 Qb4 11. c3 Qd6 12. d4 h6 13. Qh4 Bf6 14. Qg3 Qxg3
15. hxg3 Be6 16. Nbd2 b6 17. Ne4 Bg7 18. Bf4 Rc8 19. Be5 Kf8 20. Nf6 Nd5 21.
Nxd5 cxd5 22. Re3 Rg8 23. Rae1 Bxe5 24. Rxe5 Kg7 25. Kf1 1/2-1/2

[Event "4NCL/Div3/BRI2 vs. MIN"]
[Site "Telford ENG"]
[Date "2003.03.09"]
[Round "6.7"]
[White "Humphreys, Jerry"]
[Black "Hegarty, Sarah N"]
[Result "1-0"]
[WhiteElo "2066"]
[BlackElo "1905"]
[PlyCount "61"]
[EventDate "2003.03.09"]

1. e4 Nf6 2. e5 Nd5 3. d4 d6 4. c4 Nb6 5. exd6 cxd6 6. Nc3 g6 7. Be3 Bg7 8. Be2
Nc6 9. Rc1 O-O 10. Nf3 Bg4 11. d5 Bxf3 12. Bxf3 Ne5 13. b3 Nxf3+ 14. Qxf3 Nd7
15. O-O Nf6 16. Rfe1 Qd7 17. h3 b6 18. Nb5 Qb7 19. Nd4 Nd7 20. Qe2 Rae8 21. Qd2
a6 22. Bg5 Nf6 23. Re2 Kh8 24. Rce1 Ng8 25. Nc6 e5 26. dxe6 f6 27. e7 Qxc6 28.
exf8=Q Rxf8 29. Bf4 Rd8 30. Re6 Bf8 31. Qd5 1-0

[Event "4NCL/Div3/SCS vs. 3CS2"]
[Site "Telford ENG"]
[Date "2003.03.09"]
[Round "6.1"]
[White "Lutton, J Ezra"]
[Black "Taylor, Robert M"]
[Result "0-1"]
[WhiteElo "2107"]
[BlackElo "2165"]
[PlyCount "90"]
[EventDate "2003.03.09"]

1. Nc3 d5 2. e4 c6 3. d3 dxe4 4. Bg5 exd3 5. Bxd3 Nf6 6. Qe2 Bg4 7. f3 Be6 8.
Bxf6 gxf6 9. f4 Qa5 10. a3 Nd7 11. b4 Qc7 12. Qe3 Bh6 13. Nge2 Ne5 14. Rf1
Nxd3+ 15. Qxd3 Rd8 16. Qe4 f5 17. Qe3 Bg7 18. Qxa7 Bc4 19. Qe3 Rd6 20. Qf3 O-O
21. Rd1 Re6 22. Rd2 Qb6 23. Nd1 Ra8 24. Qg3 Kh8 25. Rf3 Bd5 26. Re3 Rxa3 27.
Rdd3 Rxd3 28. Rxd3 h6 29. c3 Rg6 30. Qh3 Be4 31. Rd7 Re6 32. Qe3 Qa6 33. Nd4
Bxd4 34. Qxd4+ f6 35. Kf2 Bd5 36. Qd2 Bxg2 37. Ne3 Bh3 38. Rc7 Kg7 39. Kg3 Qb6
40. Kxh3 Rxe3+ 41. Kh4 Qxc7 42. Qxe3 Qd7 43. c4 Kf7 44. Qf3 Qd4 45. Kh5 Qg1 0-1

[Event "4NCL/Div3/SCS vs. 3CS2"]
[Site "Telford ENG"]
[Date "2003.03.09"]
[Round "6.2"]
[White "Walton, Alan J"]
[Black "Partington, Anna G"]
[Result "1/2-1/2"]
[WhiteElo "2144"]
[BlackElo "2072"]
[PlyCount "93"]
[EventDate "2003.03.09"]

1. d4 f5 2. Bg5 g6 3. Nd2 Nh6 4. e4 fxe4 5. Nxe4 Nf7 6. h4 d5 7. Nc5 b6 8. Nb3
Bg7 9. Nf3 Qd6 10. Bd3 c5 11. c4 cxd4 12. cxd5 Bb7 13. Be4 Bxd5 14. Bxd5 Qxd5
15. Nbxd4 Nd7 16. O-O Nxg5 17. hxg5 O-O 18. Re1 e5 19. Nb3 Qe6 20. Nbd4 Qd5 21.
Nb3 Qe6 22. Qe2 Rae8 23. Rad1 Nc5 24. Nxc5 bxc5 25. Qe4 Qxa2 26. Ra1 Qf7 27.
Rac1 Rc8 28. Re2 Rfe8 29. Rec2 Qe7 30. Qd5+ Qf7 31. Qe4 Qe7 32. b4 c4 {=} 33.
Rxc4 Rxc4 34. Rxc4 Qd7 35. Rc5 Qd6 36. Rc6 Qd7 37. b5 Bf8 38. Qc4+ Qf7 39.
Qxf7+ Kxf7 40. Rc7+ Re7 41. Nxe5+ Ke6 42. Rc8 Kxe5 43. Rxf8 Rb7 44. g3 Rxb5 45.
Rf7 a5 46. Rxh7 Kf5 47. Ra7 1/2-1/2

[Event "4NCL/Div3/SCS vs. 3CS2"]
[Site "Telford ENG"]
[Date "2003.03.09"]
[Round "6.3"]
[White "Lutton, E Josiah"]
[Black "Bentley, John L"]
[Result "0-1"]
[WhiteElo "2042"]
[BlackElo "2163"]
[PlyCount "102"]
[EventDate "2003.03.09"]

1. Nc3 d5 2. e4 d4 3. Nce2 e5 4. d3 c5 5. f4 Nc6 6. g3 f6 7. Bg2 Be6 8. Nf3 Bd6
9. O-O Qd7 10. Kh1 Nge7 11. Qe1 O-O-O 12. b3 h6 13. Nd2 b5 14. f5 Bf7 15. Nf3
Kb8 16. a4 a6 17. Bd2 Rc8 18. Qb1 Rc7 19. Qb2 Rhc8 20. Ra2 Ra7 21. g4 Rcc7 22.
h4 Rcb7 23. axb5 axb5 24. Rfa1 Rxa2 25. Qxa2 Ra7 26. Qb1 Rxa1 27. Qxa1 Qa7 28.
Qb2 Kc7 29. g5 hxg5 30. hxg5 c4 31. bxc4 bxc4 32. g6 Bg8 33. dxc4 Bxc4 34. Ng3
Nc8 35. Ne1 Nb6 36. Nd3 Qa4 37. Bf1 Bg8 38. Nh5 Nc4 39. Qc1 Nxd2 40. Qxd2 Bf8
41. Qc1 Qa5 42. Qd1 Qc3 43. Kg2 Bc4 44. Be2 Bb5 45. Qc1 Ba4 46. Bd1 Na5 47. Kf2
Nc4 48. Ke2 Bc6 49. Nf2 Ba3 50. Qb1 Qe3+ 51. Kf1 Nd2+ 0-1

[Event "4NCL/Div3/SCS vs. 3CS2"]
[Site "Telford ENG"]
[Date "2003.03.09"]
[Round "6.4"]
[White "Shaw, David A"]
[Black "Habibi, Amir"]
[Result "1-0"]
[WhiteElo "2196"]
[BlackElo "2053"]
[PlyCount "59"]
[EventDate "2003.03.09"]

1. e4 e6 2. d4 d5 3. Nc3 Bb4 4. e5 c5 5. a3 Bxc3+ 6. bxc3 Qa5 7. Bd2 Qa4 8. Qg4
Ne7 9. Qxg7 Rg8 10. Qxh7 cxd4 11. Ne2 Nbc6 12. f4 b6 13. cxd4 Nxd4 14. Nxd4
Qxd4 15. c3 Qc5 16. Qd3 Bd7 17. h3 Bc6 18. g4 O-O-O 19. Qd4 Bb7 20. Qxc5+ bxc5
21. Rb1 d4 22. Rh2 d3 23. Rb5 Bc6 24. Rxc5 Kb7 25. Rc4 Rd7 26. Rd4 Rgd8 27. Be3
Nd5 28. Rb2+ Ka8 29. Kd2 Nxe3 30. Kxe3 1-0

[Event "4NCL/Div3/SCS vs. 3CS2"]
[Site "Telford ENG"]
[Date "2003.03.09"]
[Round "6.5"]
[White "Bennett, Kyle"]
[Black "Adams, Phil"]
[Result "0-1"]
[WhiteElo "1824"]
[BlackElo "2056"]
[PlyCount "82"]
[EventDate "2003.03.09"]

1. e4 c5 2. Nc3 g6 3. f4 Bg7 4. Nf3 Nc6 5. Be2 e6 6. O-O Nge7 7. Qe1 d6 8. d3
b6 9. g4 Qd7 10. Bd2 Bb7 11. a4 h6 12. Qg3 f5 13. h3 Nd4 14. Nxd4 cxd4 15. Nb5
a6 16. Na3 b5 17. exf5 gxf5 18. Bf3 O-O 19. g5 hxg5 20. Qxg5 Bxf3 21. Rxf3 Rf6
22. Qg2 Rg6 23. Rg3 Rxg3 24. Qxg3 Kf7 25. Kf2 Bf6 26. Qf3 Rh8 27. Rg1 Ng6 28.
axb5 axb5 29. c4 dxc3 30. Bxc3 Bxc3 31. bxc3 Qa7+ 32. Qe3 Qxa3 33. Rxg6 Qa2+
34. Kg3 Kxg6 35. c4 Kf7 36. Qf3 bxc4 37. Qb7+ Kf6 38. Qb6 Rg8+ 39. Kh4 Rh8+ 40.
Kg3 Rg8+ 41. Kh4 Qa1 0-1

[Event "4NCL/Div3/SCS vs. 3CS2"]
[Site "Telford ENG"]
[Date "2003.03.09"]
[Round "6.6"]
[White "Plant, Paul"]
[Black "Heaton, Robert"]
[Result "0-1"]
[WhiteElo "2024"]
[BlackElo "1856"]
[PlyCount "50"]
[EventDate "2003.03.09"]

1. d4 d5 2. c4 e6 3. cxd5 exd5 4. Nc3 c6 5. Qc2 Bd6 6. h3 Ne7 7. g4 h5 8. gxh5
Bf5 9. e4 dxe4 10. Qb3 Qb6 11. Qxb6 axb6 12. Bg2 Nd7 13. Nxe4 Bxe4 14. Bxe4 Nf6
15. Bc2 Nxh5 16. Ne2 Nd5 17. Be3 Kd7 18. Rg1 g6 19. Bb3 Nhf6 20. Rh1 Rh5 21.
Bd1 Rh7 22. Ng1 Re8 23. Kd2 Ne4+ 24. Kd3 Nxe3 25. fxe3 Nf2+ 0-1

[Event "4NCL/Div3/SCS vs. 3CS2"]
[Site "Telford ENG"]
[Date "2003.03.09"]
[Round "6.7"]
[White "Hawrami, Dana"]
[Black "Martin, Katie A"]
[Result "1-0"]
[WhiteElo "1712"]
[BlackElo "1584"]
[PlyCount "83"]
[EventDate "2003.03.09"]

1. d4 Nf6 2. Nf3 g6 3. g3 Bg7 4. Bg2 O-O 5. O-O d6 6. c4 Nbd7 7. Nc3 c5 8. d5
Nb6 9. Qd3 Nfd7 10. b3 Ne5 11. Nxe5 Bxe5 12. Bb2 Bg7 13. Kh1 Nd7 14. f4 a6 15.
e4 b5 16. Rfe1 Rb8 17. Nd1 Bxb2 18. Nxb2 Qc7 19. Re3 Nb6 20. Rae1 bxc4 21. Nxc4
Nxc4 22. Qxc4 a5 23. Qc3 Bd7 24. e5 Rfe8 25. e6 Bb5 26. exf7+ Kxf7 27. Bh3 Bd7
28. Be6+ Bxe6 29. Rxe6 Qb7 30. Qf3 Kg8 31. f5 Rf8 32. Rxe7 Qb4 33. f6 Rb7 34.
Re8 Rbf7 35. Rxf8+ Kxf8 36. Re6 Qb8 37. Qf4 Rd7 38. Qe3 Qd8 39. g4 Rf7 40. g5
Qd7 41. Qg3 Qb5 42. Qxd6+ 1-0

[Event "4NCL/Div3/SCS vs. 3CS2"]
[Site "Telford ENG"]
[Date "2003.03.09"]
[Round "6.8"]
[White "Hazlehurst, Cory"]
[Black "Lutton, J Arnold"]
[Result "0-1"]
[WhiteElo "1624"]
[BlackElo "1680"]
[PlyCount "64"]
[EventDate "2003.03.09"]

1. e4 e6 2. Nf3 d5 3. Nc3 Nf6 4. e5 Nfd7 5. d4 Bb4 6. Bd2 a6 7. a3 Be7 8. b4 b6
9. Nb1 c5 10. c3 c4 11. Be2 Nc6 12. h4 f5 13. exf6 gxf6 14. Ng5 Nf8 15. Bh5+
Ng6 16. Nxh7 Kf7 17. Qc2 Qg8 18. Nxf6 Bxf6 19. g4 e5 20. dxe5 Ncxe5 21. f4 Nd3+
22. Kf1 Rxh5 23. gxh5 Nxh4 24. Be3 Qg4 25. Qe2 Qxe2+ 26. Kxe2 Bg4+ 27. Kd2 Bxh5
28. Bd4 Nf3+ 29. Kc2 Nxd4+ 30. cxd4 Bg6 31. Kc3 Re8 32. Nd2 Re3 0-1